Multidisciplinarita a evropská studia
Fakulta medzinárodných vzťahov na VŠE v Prahe a jej pedagogický program postavený na základe multidisciplinárneho prístupu vo výučbe ako prioritný krok v systéme vysokoškolského štúdia. Porovnanie koncepcie štúdia s vysokými školami v zahraničí.
Salvato in:
| Autore principale: | |
|---|---|
| Natura: | Capitolo di libro |
| Lingua: | ceco |
| Soggetti: | |
| Tags: |
Nessun Tag, puoi essere il primo ad aggiungerne!!
|
MARC
| LEADER | 00000naa a2200000 4500 | ||
|---|---|---|---|
| 001 | r018042 | ||
| 005 | 20221213081640.7 | ||
| 041 | 0 | |a cze | |
| 044 | |a CZ | ||
| 245 | 1 | 0 | |a Multidisciplinarita a evropská studia |c Alexander Ort |
| 520 | |a Fakulta medzinárodných vzťahov na VŠE v Prahe a jej pedagogický program postavený na základe multidisciplinárneho prístupu vo výučbe ako prioritný krok v systéme vysokoškolského štúdia. Porovnanie koncepcie štúdia s vysokými školami v zahraničí. | ||
| 610 | 2 | 0 | |a štúdium vysokoškolské |
| 610 | 2 | 0 | |a programy študijné |
| 610 | 2 | 0 | |a koncepcie |
| 610 | 2 | 0 | |a odbory študijné |
| 610 | 2 | 0 | |a Fakulta medzinárodných vzťahov Vysokej školy ekonomickej v Prahe |
| 100 | 1 | |a Ort, Alexandr | |